Polymyalgia Rheumatica and Giant Cell Arteritis (Запис № 447218)

МАРК-запис
000 -LEADER
fixed length control field 05096nam a22005775i 4500
001 - CONTROL NUMBER
control field 978-3-319-52222-7
003 - CONTROL NUMBER IDENTIFIER
control field DE-He213
005 - DATE AND TIME OF LATEST TRANSACTION
control field 20210118130015.0
007 - PHYSICAL DESCRIPTION FIXED FIELD--GENERAL INFORMATION
fixed length control field cr nn 008mamaa
008 - FIXED-LENGTH DATA ELEMENTS--GENERAL INFORMATION
fixed length control field 170707s2017 gw | s |||| 0|eng d
020 ## - INTERNATIONAL STANDARD BOOK NUMBER
International Standard Book Number 9783319522227
-- 978-3-319-52222-7
024 7# - OTHER STANDARD IDENTIFIER
Standard number or code 10.1007/978-3-319-52222-7
Source of number or code doi
050 #4 - LIBRARY OF CONGRESS CALL NUMBER
Classification number RC927-927.5
072 #7 - SUBJECT CATEGORY CODE
Subject category code MJM
Source bicssc
072 #7 - SUBJECT CATEGORY CODE
Subject category code MED083000
Source bisacsh
072 #7 - SUBJECT CATEGORY CODE
Subject category code MJM
Source thema
082 04 - DEWEY DECIMAL CLASSIFICATION NUMBER
Classification number 616.723
Edition number 23
245 10 - TITLE STATEMENT
Title Polymyalgia Rheumatica and Giant Cell Arteritis
Medium [electronic resource] /
Statement of responsibility, etc edited by Jozef Rovenský, Burkhard Leeb, Viera Štvrtinová, Richard Imrich.
250 ## - EDITION STATEMENT
Edition statement 3rd ed. 2017.
264 #1 -
-- Cham :
-- Springer International Publishing :
-- Imprint: Springer,
-- 2017.
300 ## - PHYSICAL DESCRIPTION
Extent VIII, 222 p. 19 illus., 13 illus. in color.
Other physical details online resource.
336 ## -
-- text
-- txt
-- rdacontent
337 ## -
-- computer
-- c
-- rdamedia
338 ## -
-- online resource
-- cr
-- rdacarrier
347 ## -
-- text file
-- PDF
-- rda
505 0# - FORMATTED CONTENTS NOTE
Formatted contents note Polymyalgia Rheumatica and Giant Cell Arteritis — an overview with a focus on important factors contributing to the severity of the disease -- Diagnostic criteria for PMR and GCA -- Polymyalgia Rheumatica, Temporal Arteritis and Occurrence of Malignant Tumors - sine syndromes in PMR and GCA -- GCA and Takayasu’s disease -- Vascular complications of PMR and GCA -- Coronary involvement and atherosclerosis in Giant Cell Arteritis -- T cells and their role in Polymyalgia Rheumatica -- Cytokines in Polymyalgia Rheumatica and Giant Cell Arteritis -- Genetic factors in Giant Cell Arteritis and Polymyalgia Rheumatica -- Chronobiology of Polymyalgia Rheumatica and Giant Cell Arteritis -- Endocrinologic changes in PMR and GCA -- Imaging techniques, e.g. Ultrasonography, PET/18FDG in PMR and GCA -- Histopathology of Giant Cell (temporal) Arteritis — changes in aorta -- Management of PMR and GCA -- Biologicals in the treatment of Polymyalgia Rheumatica and Giant Cell Arteritis -- Therapy of resistant forms of PMR and GCA -- Monitoring tools for PMR and GCA.
520 ## - SUMMARY, ETC.
Summary, etc This book, now in an extensively updated and expanded third edition, offers important insights into polymyalgia rheumatica (PMR) and giant cell arteritis (GCA), providing an overview of their pathophysiology, genetics, immunology, and endocrinological mechanisms but above all presenting the state of the art in diagnosis and treatment. Both PMR and GCA are diseases of advanced age. Early diagnosis and treatment can save one of the most precious senses – vision. In this book, the role of imaging techniques is thoroughly examined, with particular attention to ultrasonography and FDG PET. All aspects of management of both diseases are discussed, including the current use of glucocorticoids, the efficacy of modern biological treatment, such as infliximab, tocilizumab, and rituximab, and the available monitoring tools. Diagnostic criteria for PMR and GCA are outlined, with discussion of differential diagnosis. Among the other topics addressed are disease classification, the histopathology of GCA, the ACR criteria for temporal arteritis, the value of temporal artery biopsy in GCA, serum cytokine profiles, chronobiology, and sine syndromes. The reader will find that the book aids in achieving early diagnosis and providing faster and more effective disease management. General readers with an interest in rheumatology, internal medicine, oftalmology and gerontology will find this book particularly valuable.
506 ## - RESTRICTIONS ON ACCESS NOTE
Terms governing access Available to subscribing member institutions only. Доступно лише організаціям членам підписки.
506 ## - RESTRICTIONS ON ACCESS NOTE
Standardized terminology for access restriction Online access from local network of NaUOA.
506 ## - RESTRICTIONS ON ACCESS NOTE
Standardized terminology for access restriction Online access with authorization at https://link.springer.com/
506 ## - RESTRICTIONS ON ACCESS NOTE
Standardized terminology for access restriction Онлайн-доступ з локальної мережі НаУОА.
506 ## - RESTRICTIONS ON ACCESS NOTE
Standardized terminology for access restriction Онлайн доступ з авторизацією на https://link.springer.com/
650 #0 - SUBJECT ADDED ENTRY--TOPICAL TERM
Topical term or geographic name as entry element Rheumatology.
650 #0 - SUBJECT ADDED ENTRY--TOPICAL TERM
Topical term or geographic name as entry element Geriatrics.
650 14 - SUBJECT ADDED ENTRY--TOPICAL TERM
Topical term or geographic name as entry element Rheumatology.
-- http://scigraph.springernature.com/things/product-market-codes/H33170
650 24 - SUBJECT ADDED ENTRY--TOPICAL TERM
Topical term or geographic name as entry element Geriatrics/Gerontology.
-- http://scigraph.springernature.com/things/product-market-codes/H33150
700 1# - ADDED ENTRY--PERSONAL NAME
Personal name Rovenský, Jozef.
Relator term editor.
Relator code edt
-- http://id.loc.gov/vocabulary/relators/edt
700 1# - ADDED ENTRY--PERSONAL NAME
Personal name Leeb, Burkhard.
Relator term editor.
Relator code edt
-- http://id.loc.gov/vocabulary/relators/edt
700 1# - ADDED ENTRY--PERSONAL NAME
Personal name Štvrtinová, Viera.
Relator term editor.
Relator code edt
-- http://id.loc.gov/vocabulary/relators/edt
700 1# - ADDED ENTRY--PERSONAL NAME
Personal name Imrich, Richard.
Relator term editor.
Relator code edt
-- http://id.loc.gov/vocabulary/relators/edt
710 2# - ADDED ENTRY--CORPORATE NAME
Corporate name or jurisdiction name as entry element SpringerLink (Online service)
773 0# - HOST ITEM ENTRY
Title Springer eBooks
776 08 - ADDITIONAL PHYSICAL FORM ENTRY
Display text Printed edition:
International Standard Book Number 9783319522210
776 08 - ADDITIONAL PHYSICAL FORM ENTRY
Display text Printed edition:
International Standard Book Number 9783319522234
776 08 - ADDITIONAL PHYSICAL FORM ENTRY
Display text Printed edition:
International Standard Book Number 9783319848532
856 40 - ELECTRONIC LOCATION AND ACCESS
Uniform Resource Identifier <a href="https://doi.org/10.1007/978-3-319-52222-7">https://doi.org/10.1007/978-3-319-52222-7</a>
912 ## -
-- ZDB-2-SME
942 ## - ADDED ENTRY ELEMENTS (KOHA)
Koha item type ЕКнига

Немає доступних примірників.